<?xml version="1.0" encoding="UTF-8"?>
<marc:record xmlns:marc="http://www.loc.gov/MARC21/slim">
   <marc:leader>00000nam a2200000 a 4500</marc:leader>
   <marc:datafield ind1="0" ind2="0" tag="245">
      <marc:subfield code="a">Benjamin Blümchen-Der Zoo-Kindergarten</marc:subfield>
   </marc:datafield>
   <marc:datafield ind1=" " ind2="1" tag="264">
      <marc:subfield code="a">Düsseldorf</marc:subfield>
      <marc:subfield code="b">Kiddinx</marc:subfield>
      <marc:subfield code="c">2017</marc:subfield>
   </marc:datafield>
   <marc:datafield ind1="1" ind2=" " tag="490">
      <marc:subfield code="a">Benjamin Blümchen</marc:subfield>
   </marc:datafield>
   <marc:datafield ind1="1" ind2=" " tag="520">
      <marc:subfield code="a">Weil die Neustädter Kindergärten in den Sommerferien alle&#xD;
schließen, haben viele Kinder ein Problem: Wo sollen sie hingehen, wenn&#xD;
ihre Eltern arbeiten müssen? Ganz einfach, denkt sich Benjamin, in den&#xD;
Zoo natürlich! Er will einen Ferien-Kindergarten aufmachen. Aber dafür&#xD;
muss er eine Prüfung bestehen. Und die ist nicht so einfach!&#xD;
&#xD;
Ab 3 Jahre</marc:subfield>
   </marc:datafield>
   <marc:datafield ind1="3" ind2=" " tag="024">
      <marc:subfield code="a">4251192100177</marc:subfield>
   </marc:datafield>
   <marc:datafield ind1=" " ind2=" " tag="041">
      <marc:subfield code="a">ger</marc:subfield>
   </marc:datafield>
</marc:record>
